Racionalizácia systému riadenia zásob v podniku

Gespeichert in:
Bibliographische Detailangaben
1. Verfasser: Fodor, Róbert, 1985- (Verfasst von)
Weitere Verfasser: Sablik, Jozef, 1944- (Betreuung Doktorarbeit)
Format: Manuskript Buch
Sprache:Slowakisch
Veröffentlicht: Trnava : STU v Bratislave MTF UPMK, 2012
Schlagworte:
Online-Zugang:VAIS
Tags: Tag hinzufügen
Keine Tags, Fügen Sie das erste Tag hinzu!

MARC

LEADER 00000ntm a22000003a 4500
001 stu251334
005 20150617230202.6
008 120719s2012----xo------------------slo-d
040 |a STU  |b slo 
041 0 |a slo 
044 |a xo 
100 1 |a Fodor, Róbert,  |d 1985-  |4 aut  |u M  |T MTF Materiálovotechnologická fakulta  |X 37727  |U M  |Y 60  |7 A000037727 
242 0 0 |a Rationalization of inventory control system in company   |y eng 
245 1 |a Racionalizácia systému riadenia zásob v podniku 
260 |a Trnava :  |b STU v Bratislave MTF UPMK,  |c 2012 
300 |a 83s  |c CD ROM 
650 7 |a priemyselné manažérstvo  |2 stusub 
650 7 |a Industrial Management  |2 estusub 
650 7 |a riadenie zásob  |2 stusub 
650 7 |a skladovanie  |2 stusub 
700 1 |a Sablik, Jozef,  |d 1944-  |4 ths  |u M4000  |U MTF Materiálovotechnologická fakulta  |T MTF Ústav priemyselného inžinierstva a manažmentu  |X 324  |U M4000  |Y 84  |7 A000000324 
856 4 |a info a plný text  |u http://is.stuba.sk/zp/portal_zp.pl?podrobnosti=90390  |3 VAIS 
996 |c M*DP-10827  |l MMSKP  |s P  |a 0  |w stu251334_0001